Industrial process control systems

Enregistré dans:
Détails bibliographiques
Auteurs principaux: Patrick, Dale R. (Auteur), Fardo, Stephen W (Auteur)
Format: Livre
Langue:anglais
Publié: Indianápolis Howard W. Sams 1979
Sujets:
Tags: Ajouter un tag
Pas de tags, Soyez le premier à ajouter un tag!

MARC

LEADER 00000nam a2200000 a 4500
001 UCU5996
003 CL-VaPUC
005 20240318104029.0
008 960614e19790000us |||||||||||||||||eng|d
999 |c 249095  |d 249093 
040 |c Pontificia Universidad Católica de Valparaíso 
082 0 4 |a 629.8  |b PAT  |2 21 
100 |a Patrick, Dale R.  |e author  |9 364101 
245 1 0 |a Industrial process control systems 
260 |a Indianápolis  |b Howard W. Sams  |c 1979 
300 |a 200 p 
583 |a last modification  |c 20171017 03:07:39  |k Rodrigo Vera 
650 0 |a Control automático  |9 259890 
650 7 |a Control de procesos   |2 CL-VaPUC  |9 352951 
650 0 |a Microcomputadores  |9 263190 
700 0 |a Fardo, Stephen W  |e author  |9 364102 
942 |c BK  |2 ddc 
945 |d 19960614 00:00:00  |a cmena 
952 |0 0  |1 0  |4 0  |6 629_800000000000000_PAT_1979  |7 0  |8 A  |9 266130  |a BIBING  |b BIBING  |d 2019-11-19  |i 1678086  |o 629.8 PAT 1979  |p 1678086  |r 2025-01-20  |w 2019-11-19  |y BK  |k EIE